000 00409nam a2200157 i 4500
001 86064
003 ES-MaACL
005 20230906175352.0
007 t|
008 041207m19001999xxk ||||1| eng d
100 1 _aKer, W. P.
_967884
245 1 0 _aEnglish literature medieval /
_cW.P. Ker.
260 _aLondon :
_bWilliams and Norgate,
_c[19--?]
300 _a256 p. ;
_c17 cm.
852 _aES-MaACL
_jC-3118
999 _c86064
_d86064